Procesos de integración en América Latina y el Caribe: Caracterización general y potencialidad de nuevos ejes de integración /
El objetivo de este estudio es doble. Por una parte, se trata de presentar una caracterización económica de los diferentes países y tratados de integración. Por otra parte, se establece una caracterización de lo que podrían ser ejes operativos concretos para la integración.
Gorde:
| Egile nagusia: | |
|---|---|
| Formatua: | Texto |
| Hizkuntza: | Spanish |
| Gaiak: | |
| Etiketak: |
Etiketa erantsi
Etiketarik gabe, Izan zaitez lehena erregistro honi etiketa jartzen!
|
MARC
| LEADER | 00000 a a2200000 04500 | ||
|---|---|---|---|
| 001 | 44871 | ||
| 003 | cru CIDCACS/IIS | ||
| 005 | 20181106124159.0 | ||
| 007 | ta | ||
| 008 | 181106b ||||| |||| 00| 0 spa d | ||
| 999 | |c 20323 |d 20323 | ||
| 040 | |c cru CIDCACS/IIS | ||
| 100 | |a Reyes, Giovanni E. | ||
| 245 | |a Procesos de integración en América Latina y el Caribe: |b Caracterización general y potencialidad de nuevos ejes de integración / |c Giovanni E. Reyes | ||
| 520 | |a El objetivo de este estudio es doble. Por una parte, se trata de presentar una caracterización económica de los diferentes países y tratados de integración. Por otra parte, se establece una caracterización de lo que podrían ser ejes operativos concretos para la integración. | ||
| 650 | |a INTEGRACION REGIONAL | ||
| 650 | |a CRECIMIENTO ECONOMICO | ||
| 650 | |a DESARROLLO ECONOMICO | ||
| 650 | |a COMERCIO INTERNACIONAL | ||
| 650 | |a EXPORACIONES | ||
| 650 | |a IMPORTACIONES | ||
| 650 | |a AMERICA LATINA Y CARIBE | ||
| 650 | |a ESTADISTICAS ECONOMICAS | ||
| 650 | |a COMERCIO INTERNACIONAL | ||
| 773 | |g páginas 17-49 | ||
| 942 | |2 ddc |c PP | ||
